Musik-allgemein - Statistiken

Allgemein
  • Dieses Quiz wurde 2.663 mal gespielt
  • Das Durchschnittsergebnis liegt bei 9 aus 15
Antwortstatistiken
Frage Antwort % Korrekt
Von wem ist das Lied "Bad guy"? Billie Eilish
92%
Von wem ist das Lied "drivers license"? Olivia Rodrigo
86%
Von wem ist das Lied "All of me"? John Legend
78%
In welcher Band war Niall Horan? One Direction
77%
Was ist das größte Instrument der Welt? Orgel
77%
Welches der Bandmitglieder der Beatles lebt noch? Paul McCartney
76%
Wo wurde die Gitarre erfunden? Spanien
75%
Aus welcher Stadt kamen die Beatles? Liverpool
69%
Aus welchem Land kommt Tones and I (Dance Monkey)? Australien
65%
Mit welchem Musiker ist das Lied "Levitating" von Dua Lipa? DaBaby
56%
Welches dieser Instrumente ist ein Blasinstrument? Orgel
51%
In welchem Jahr ist Tupac gestorben? 1996
44%
Zu welcher Instrumentenfamilie gehört das Saxophon? Holzblasinstrumente
42%
Was ist der meistgestreamte Song auf Spotify? Shape of you - Ed Sheeran
25%
Mit welchem Alter wurde Popsmoke erschossen? 20
17%
Keine übereinstimmenden Quizze gefunden
Verteilung der Resultate
Anzahl Personen mit jedem Resultat
Perzentil nach korrekt beantworteten Fragen
Ihre Resultats-Entwicklung
Sie haben dieses Quiz noch nicht gespielt